Statistiche per Cessioni più costose - Lazio

Clicka qui per fare il quiz!

Statistiche generali

  • Questo quiz è stato fatto 23 volte
  • Il punteggio medio è 11 su 20

Statistiche sulle risposte

Costo (M €)ANazioneAnnoCalciatore% Corretto
45JuventusRepubblica Ceca2001Pavel Nedvěd
95%
31MilanItalia2002Alessandro Nesta
90%
38West Ham UtdBrasile2018Felipe Anderson
90%
46,48InterItalia1999Christian Vieri
85%
42.60Manchester UnitedArgentina2001Juan Sebastián Verón
85%
40InterArgentina2002Hernán Crespo
80%
23,60InterArgentina2022Joaquín Correa
75%
30MonacoSenegal2017Keita Baldé
75%
19,70MilanArgentina2017Lucas Biglia
65%
23,86Manchester CitySerbia2010Aleksandar Kolorav
60%
22InterItalia2016Anotnio Candreva
55%
18InterBrasile2014Hernanes
45%
25JuventusCile2001Marcelo Salas
40%
10,50MilanPaesi Bassi2004Jaap Stam
35%
16SouthamptonPaesi Bassi2017Wesley Hoedt
35%
23ParmaArgentina2000Matias Almeyda
30%
17,90WolverhamptonPortogallo2019Pedro Neto
25%
17ParmaPortogallo2000Sérgio Conceição
25%
10ValenciaItalia2004Bernardo Corradi
10%
17ValenciaItalia2004Stefano Fiore
5%

Distribuzione punteggi

Percentile per numero di risposta

Percentuale di utenti per punteggio

I tuoi punteggi nel tempo

Non hai fatto questo quiz